000 00711nam a22002177a 4500
003 OSt
005 20230201144101.0
008 221006b |||||||| |||| 00| 0 eng d
040 _cBiblioteca Lado V
082 _aCR868
_bF634ca
100 _9710
_aFlores Sancho, Adrian
_eautora
245 _aCandelillas/
260 _aCosta Rica
_bEdiciones 1390
_c2016
300 _c12x15cm
_a81p.
490 _vvolumen II
650 0 _2Tesauro de Arte & Arquitectura
_aLITERATURA
_9702
650 _2Tesauro de Arte & Arquitectura
_aARTE COSTARRICENSE
650 _2Tesauro de Arte & Arquitectura
_aARTE
700 _aMorales, Agusto
_eautor (Colaborador)
942 _2ddc
_c1
_hCR868
_iF634ca
_n0
999 _c3018
_d3018